[Event "XXXIII Festival A"]
[Site "Arco ITA"]
[Date "2011.10.27"]
[Round "6"]
[White "Pretto, Aldo"]
[Black "Di Lazzaro, Gabriele"]
[Result "0-1"]
[WhiteElo "1732"]
[BlackElo "1890"]
[PlyCount "40"]
[EventDate "2011.10.22"]

1. c4 e5 2. g3 Nc6 3. Bg2 Bc5 4. e3 Nf6 5. Nc3 a6 6. Nge2 O-O 7. O-O d6 8. d4
exd4 9. exd4 Bb6 10. h3 h6 11. Be3 Bf5 12. a3 Qe7 13. Nd5 Nxd5 14. Bxd5 Bxh3
15. Bg2 Bxg2 16. Kxg2 Qe4+ 17. Kh2 Rfe8 18. Qd2 Ne7 19. f3 Qe6 20. d5 Qxe3 0-1

[Event "XXXIII Festival A"]
[Site "Arco ITA"]
[Date "2011.10.27"]
[Round "6"]
[White "Riepma, Henk"]
[Black "Dittmar, Peter"]
[Result "0-1"]
[WhiteElo "2073"]
[BlackElo "2305"]
[PlyCount "98"]
[EventDate "2011.10.22"]

1. f4 d5 2. Nf3 Bg4 3. e3 Nf6 4. Be2 Bxf3 5. Bxf3 Nbd7 6. O-O e5 7. d4 exd4 8.
exd4 Be7 9. Nc3 c6 10. Qd3 O-O 11. Ne2 Nb6 12. Ng3 Nc4 13. b3 Nd6 14. Bd2 Re8
15. Rfe1 Qb6 16. c3 a5 17. Be3 a4 18. c4 Qa6 19. Rac1 Bf8 20. Bf2 Rxe1+ 21.
Bxe1 axb3 22. axb3 Re8 23. Bb4 Nde4 24. Bxf8 Kxf8 25. Qc2 Qa7 26. Rd1 Nxg3 27.
hxg3 dxc4 28. Qxc4 Rd8 29. Qc5+ Qxc5 30. dxc5 Rxd1+ 31. Bxd1 Ne4 32. b4 Nxg3
33. Kf2 Ne4+ 34. Ke3 Nc3 35. Bf3 Ke7 36. Kd3 Nb5 37. Bg4 Kd8 38. Kc4 Nc7 39.
Bf3 Ke7 40. g3 f5 41. Kd4 Kf6 42. Ke3 h6 43. Kd4 g5 44. Ke3 gxf4+ 45. gxf4 Nd5+
46. Bxd5 cxd5 47. b5 Ke6 48. b6 Kd7 49. Kd4 h5 0-1

[Event "XXXIII Festival A"]
[Site "Arco ITA"]
[Date "2011.10.27"]
[Round "6"]
[White "Rizzo, Giuseppe"]
[Black "Mumelter, Igor"]
[Result "0-1"]
[WhiteElo "1732"]
[BlackElo "1876"]
[PlyCount "62"]
[EventDate "2011.10.22"]

1. d4 Nf6 2. Nf3 e6 3. e3 c5 4. Bd3 Nc6 5. O-O Be7 6. b3 O-O 7. Bb2 d5 8. a3 b6
9. Nbd2 Bb7 10. Ne5 Rc8 11. f4 Bd6 12. Rf3 cxd4 13. exd4 Qe7 14. Rh3 g6 15.
Ndf3 Ne4 16. Bxe4 dxe4 17. Ng5 Nxe5 18. dxe5 Bc5+ 19. Kh1 Rcd8 20. Qe2 e3 21.
Nxh7 Rd2 22. Nf6+ Qxf6 23. Qxd2 Qxf4 24. Qe2 Rd8 25. Rd1 Rd2 26. Rxd2 exd2 27.
Rd3 Ba6 28. Rd8+ Kg7 29. Qd1 Be3 30. h3 Qf2 31. c4 Qe1+ 0-1

[Event "XXXIII Festival A"]
[Site "Arco ITA"]
[Date "2011.10.27"]
[Round "6"]
[White "Romagnoli, Roberto"]
[Black "Huemmer, Bernd"]
[Result "1/2-1/2"]
[WhiteElo "2086"]
[BlackElo "2218"]
[PlyCount "20"]
[EventDate "2011.10.22"]

1. c4 e5 2. g3 Nc6 3. Bg2 g6 4. Nc3 Bg7 5. d3 Nge7 6. e3 d6 7. Nge2 O-O 8. O-O
Nf5 9. Rb1 a5 10. b3 h5 1/2-1/2

[Event "XXXIII Festival A"]
[Site "Arco ITA"]
[Date "2011.10.27"]
[Round "6"]
[White "Roversi, Stefano"]
[Black "Nicolodi, Raoul"]
[Result "0-1"]
[WhiteElo "1822"]
[BlackElo "1983"]
[PlyCount "106"]
[EventDate "2011.10.22"]

1. e4 e6 2. d3 d5 3. Nd2 c5 4. Ngf3 Nc6 5. g3 g6 6. Bg2 Bg7 7. O-O Nge7 8. Re1
h6 9. Qe2 b6 10. Nf1 O-O 11. h4 Qc7 12. N1h2 dxe4 13. dxe4 Nd4 14. Nxd4 cxd4
15. e5 Bb7 16. Bxb7 Qxb7 17. Qe4 Qxe4 18. Rxe4 Rfd8 19. Nf3 Rac8 20. Nxd4 Bxe5
21. Rxe5 Rxd4 22. Be3 Rd5 23. Rxd5 Nxd5 24. c3 Nxe3 25. fxe3 Rd8 26. Rf1 Rd3
27. Rf3 e5 28. Kf1 Rd1+ 29. Ke2 Rb1 30. b4 e4 31. Rf2 Rg1 32. Rf4 Rg2+ 33. Kf1
Rxa2 34. Rxe4 Kg7 35. g4 Rc2 36. Rc4 a5 37. bxa5 bxa5 38. g5 h5 39. Ke1 Kf8 40.
Kd1 Rh2 41. Re4 Rg2 42. Ra4 Rg4 43. Rxa5 Rxh4 44. Ke2 Rg4 45. Kd3 h4 46. e4 h3
47. Ra8+ Kg7 48. Ra1 Rxg5 49. c4 h2 50. Rh1 Rh5 51. Kd4 Kf8 52. e5 Ke7 53. Kd5
f6 0-1

[Event "XXXIII Festival A"]
[Site "Arco ITA"]
[Date "2011.10.27"]
[Round "6"]
[White "Russo, Carmelo"]
[Black "Bozzao, Francesco"]
[Result "1/2-1/2"]
[WhiteElo "1711"]
[BlackElo "1830"]
[PlyCount "47"]
[EventDate "2011.10.22"]

1. d4 Nf6 2. c4 c5 3. d5 b5 4. cxb5 a6 5. Nc3 g6 6. e4 d6 7. Qa4 Bd7 8. Nf3 Bg7
9. Be2 O-O 10. O-O Bc8 11. Rb1 Nfd7 12. Bf4 Nb6 13. Qc2 axb5 14. Bxb5 Ba6 15.
a4 Bxb5 16. axb5 N8d7 17. Ra1 Qc7 18. Ra6 Ra7 19. Rfa1 Rfa8 20. Qe2 Nb8 21.
Rxa7 Rxa7 22. Rc1 Na4 23. e5 Nxc3 24. bxc3 1/2-1/2

[Event "XXXIII Festival A"]
[Site "Arco ITA"]
[Date "2011.10.27"]
[Round "6"]
[White "Savarese, Vincenzo"]
[Black "Martinez, Guido"]
[Result "1-0"]
[WhiteElo "1805"]
[BlackElo "1912"]
[PlyCount "63"]
[EventDate "2011.10.22"]

1. e4 d6 2. d4 Nf6 3. Nc3 g6 4. g3 Bg7 5. Bg2 O-O 6. h3 e5 7. Nge2 Nc6 8. Be3
Bd7 9. O-O Ne7 10. dxe5 dxe5 11. g4 Qc8 12. Ng3 Rd8 13. Qe2 c5 14. Rad1 b6 15.
Nd5 Nc6 16. c3 Be6 17. Bg5 Bxd5 18. exd5 Na5 19. c4 Qd7 20. Ne4 Nxe4 21. Bxe4
Rf8 22. b3 Qd6 23. f4 h6 24. fxe5 Bxe5 25. Bxh6 Rfe8 26. Qf3 Re7 27. Bf4 Bxf4
28. Qxf4 Qxf4 29. Rxf4 g5 30. d6 Rd7 31. Bxa8 gxf4 32. Be4 1-0

[Event "XXXIII Festival A"]
[Site "Arco ITA"]
[Date "2011.10.27"]
[Round "6"]
[White "Schaberg, Wolfgang"]
[Black "Mulone, Gaspare"]
[Result "1-0"]
[WhiteElo "1880"]
[BlackElo "1628"]
[PlyCount "31"]
[EventDate "2011.10.22"]

1. Nf3 Nf6 2. b3 g6 3. Bb2 Bg7 4. e4 O-O 5. e5 Ne8 6. d4 d6 7. Nbd2 dxe5 8.
dxe5 Nd7 9. Bc4 c6 10. a4 Nc7 11. Qe2 Nb6 12. O-O-O Nxc4 13. Qxc4 Be6 14. Qh4
h6 15. Ne4 Qe8 16. Nf6+ 1-0

[Event "XXXIII Festival A"]
[Site "Arco ITA"]
[Date "2011.10.27"]
[Round "6"]
[White "Seebacher, Reinhard"]
[Black "Prelati, Maurizio"]
[Result "1-0"]
[WhiteElo "1700"]
[BlackElo "2012"]
[PlyCount "99"]
[EventDate "2011.10.22"]

1. d4 d5 2. c4 c6 3. cxd5 cxd5 4. Nc3 Nc6 5. Nf3 Nf6 6. e3 g6 7. Ne5 Bg7 8. Bb5
Qd6 9. Qa4 Bd7 10. Nxd7 Nxd7 11. O-O O-O 12. Bxc6 bxc6 13. b3 Rfe8 14. Ba3 Qc7
15. Rac1 Qb7 16. Ne2 Rac8 17. Rc2 a5 18. Bc5 Qb5 19. Qa3 Bf8 20. Rfc1 Ra8 21.
h4 h5 22. Nc3 Qb7 23. Na4 Ra6 24. Qb2 Rb8 25. Qc3 Qa8 26. Qe1 Rb5 27. Qe2 Rb8
28. Kh1 Rc8 29. Rg1 Nf6 30. Nb6 Rxb6 31. Bxb6 a4 32. b4 e5 33. dxe5 Ng4 34. Bc5
Nxe5 35. Bxf8 Rxf8 36. Rd1 Qd8 37. Rd4 Re8 38. g3 Re6 39. Kg2 Qe7 40. a3 f5 41.
Qa6 g5 42. Qc8+ Kg7 43. hxg5 Qd6 44. Rh4 Ng6 45. Rxh5 d4 46. exd4 f4 47. Qb7+
Kg8 48. Qh7+ Kf8 49. Rc5 Qxd4 50. Rf5+ 1-0

[Event "XXXIII Festival A"]
[Site "Arco ITA"]
[Date "2011.10.27"]
[Round "6"]
[White "Sigmund, Ingenuin"]
[Black "Ledent, Philippe"]
[Result "0-1"]
[WhiteElo "1788"]
[BlackElo "1887"]
[PlyCount "82"]
[EventDate "2011.10.22"]

1. e4 e6 2. d4 d5 3. Nd2 Nf6 4. Bd3 c5 5. e5 Nfd7 6. c3 Nc6 7. Ne2 cxd4 8. cxd4
f6 9. f4 Qb6 10. Nf3 Be7 11. a3 a5 12. Rb1 O-O 13. Bc2 fxe5 14. fxe5 Rf7 15.
Qd3 Nf8 16. O-O Bd7 17. Be3 Qa6 18. Qd2 a4 19. Ng5 Rxf1+ 20. Rxf1 Bxg5 21. Bxg5
Ng6 22. Bxg6 hxg6 23. Rf2 Rf8 24. Nf4 Qc4 25. Ne2 Rf5 26. g4 Rxf2 27. Kxf2 Qb3
28. Be3 b6 29. h4 Na5 30. Qc3 Qd1 31. Qc7 Bb5 32. Ng3 Nc4 33. Qc8+ Kh7 34. h5
Qc2+ 35. Ne2 Nxe3 36. hxg6+ Qxg6 37. Nf4 Nxg4+ 38. Kg3 Qf5 39. Nxe6 Ne3 40.
Nf8+ Kh6 41. Qd8 Qg5+ 0-1

[Event "XXXIII Festival A"]
[Site "Arco ITA"]
[Date "2011.10.27"]
[Round "6"]
[White "Tencheni, Maurizio"]
[Black "Bacchelli, Andrea"]
[Result "0-1"]
[WhiteElo "1647"]
[BlackElo "1789"]
[PlyCount "92"]
[EventDate "2011.10.22"]

1. e4 c5 2. Nf3 d6 3. d4 cxd4 4. Nxd4 Nf6 5. Nc3 a6 6. Be2 e6 7. O-O Be7 8. Be3
O-O 9. f4 Nbd7 10. Nb3 b5 11. Bf3 Bb7 12. Nd2 Qc7 13. a3 Rac8 14. g4 d5 15. Rc1
Bc5 16. Qe2 d4 17. Nxb5 axb5 18. Bf2 Qxf4 19. Kg2 Qd6 20. Rfd1 Ba6 21. b4 Ba7
22. Nb3 e5 23. c3 Rc4 24. Rd3 Rfc8 25. Qd1 Qc7 26. g5 Ne8 27. Bg4 Bb7 28. Bf3
Nd6 29. Na5 Bxe4 30. Bxe4 Nxe4 31. Nxc4 Qxc4 32. Be1 Nxg5 33. Rg3 Qd5+ 34. Kf1
Qh1+ 35. Rg1 Qf3+ 36. Qxf3 Nxf3 37. Rg3 e4 38. Rd1 Nxh2+ 39. Kg2 Nf3 40. Rxf3
exf3+ 41. Kxf3 d3 42. Ke4 Nf6+ 43. Kf3 Rd8 44. Bd2 h6 45. Re1 Re8 46. Ra1 Re2
0-1

[Event "XXXIII Festival A"]
[Site "Arco ITA"]
[Date "2011.10.27"]
[Round "6"]
[White "Thonig, Manfred"]
[Black "Sparber, Werner"]
[Result "0-1"]
[WhiteElo "1647"]
[BlackElo "1788"]
[PlyCount "64"]
[EventDate "2011.10.22"]

1. f4 Nf6 2. Nf3 Nc6 3. e3 e6 4. d4 d5 5. Bb5 Bd7 6. a4 Bd6 7. Bxc6 Bxc6 8. Ne5
Ne4 9. O-O Bd7 10. Nc3 Nxc3 11. bxc3 Bc8 12. Qg4 O-O 13. Rf2 c6 14. Bd2 Qb6 15.
c4 Qb2 16. Raf1 c5 17. dxc5 Bxe5 18. fxe5 Qxe5 19. c6 f5 20. Qf3 bxc6 21. cxd5
cxd5 22. Qh3 Ba6 23. Re1 Rfc8 24. c3 Rc4 25. Rf3 Rxa4 26. Rg3 Ra2 27. Qh6 Rxd2
28. e4 Rc2 29. Ra1 Bc8 30. Qh5 Bd7 31. Rh3 h6 32. g4 Qxe4 0-1

[Event "XXXIII Festival A"]
[Site "Arco ITA"]
[Date "2011.10.27"]
[Round "6"]
[White "Trimarchi, Giuseppe"]
[Black "Benenati, Gianfranco"]
[Result "0-1"]
[WhiteElo "1923"]
[BlackElo "1800"]
[PlyCount "114"]
[EventDate "2011.10.22"]

1. e4 c5 2. Nc3 g6 3. d3 Bg7 4. g3 d6 5. Bg2 Nf6 6. Nf3 Nc6 7. O-O O-O 8. h3 e5
9. Be3 Ne8 10. Qd2 f5 11. exf5 Bxf5 12. Nh4 Be6 13. Ne4 Nc7 14. Bh6 Qd7 15.
Bxg7 Kxg7 16. Ng5 Rf6 17. f4 Raf8 18. Kh2 exf4 19. Rxf4 Rxf4 20. gxf4 d5 21.
Rf1 Qd6 22. Kh1 Ne7 23. Qe3 d4 24. Qe5+ Qxe5 25. fxe5 Rxf1+ 26. Bxf1 Bxa2 27.
Ne4 Bd5 28. Bg2 b6 29. Nd6 Bxg2+ 30. Kxg2 Ncd5 31. Kf3 Nb4 32. Ke4 Nxc2 33. Nb5
Nb4 34. Nxa7 Kf7 35. Nb5 Ke6 36. Nf3 h6 37. Nc7+ Kd7 38. Nb5 Nf5 39. h4 Nc6 40.
Na3 Ke6 41. Nb5 Nce7 42. Nc7+ Kd7 43. Nb5 Ng3+ 44. Kf4 Nef5 45. Na3 Ne2+ 46.
Kg4 Ne3+ 47. Kh3 Nf4+ 48. Kg3 Nxd3 49. b3 Ke6 50. Nc4 Nxc4 51. bxc4 Nxe5 52.
Nd2 Kf5 53. Kf2 Kf4 54. Ke2 Kg4 55. Ne4 Nxc4 56. Nf2+ Kxh4 57. Kd3 Ne5+ 0-1

[Event "XXXIII Festival A"]
[Site "Arco ITA"]
[Date "2011.10.27"]
[Round "6"]
[White "Valsecchi, Alessio"]
[Black "Collutiis, Duilio"]
[Result "1-0"]
[WhiteElo "2338"]
[BlackElo "2474"]
[PlyCount "55"]
[EventDate "2011.10.22"]

1. e4 e5 2. Nf3 Nc6 3. Bb5 a6 4. Ba4 Nf6 5. O-O Be7 6. d4 exd4 7. e5 Ne4 8.
Nxd4 O-O 9. Nf5 d5 10. Bxc6 bxc6 11. Nxe7+ Qxe7 12. Qd4 Rb8 13. f3 Nc5 14. b3
Ne6 15. Qd2 Bb7 16. Ba3 c5 17. Nc3 d4 18. Na4 Bc6 19. Nb2 f5 20. c4 f4 21. Nd3
Rf5 22. Rae1 Rbf8 23. Qa5 Rh5 24. Bxc5 Qh4 25. Bxf8 Qxh2+ 26. Kf2 Rg5 27. Rg1
Rg3 28. Qxa6 1-0

[Event "XXXIII Festival A"]
[Site "Arco ITA"]
[Date "2011.10.27"]
[Round "6"]
[White "Viviani, Alessio"]
[Black "Hocke, Sebastian"]
[Result "1-0"]
[WhiteElo "2021"]
[BlackElo "1904"]
[PlyCount "61"]
[EventDate "2011.10.22"]

1. d4 d5 2. c4 e6 3. Nc3 Nf6 4. Nf3 a6 5. cxd5 exd5 6. Bg5 Be7 7. e3 Nbd7 8.
Bd3 O-O 9. O-O c6 10. Qc2 Re8 11. Rab1 Nf8 12. b4 Ng6 13. a4 Ne4 14. Bxe7 Qxe7
15. Bxe4 dxe4 16. Nd2 f5 17. b5 axb5 18. axb5 Qg5 19. bxc6 bxc6 20. Kh1 Ba6 21.
Qb3+ Kh8 22. Nc4 Bxc4 23. Qxc4 f4 24. Qxc6 fxe3 25. Nxe4 Qf4 26. Nd6 Red8 27.
Nb7 Rxd4 28. fxe3 Qxe3 29. Nd6 Qa3 30. Nb5 Ne7 31. Qb7 1-0

[Event "XXXIII Festival A"]
[Site "Arco ITA"]
[Date "2011.10.27"]
[Round "6"]
[White "Zahn, Alina"]
[Black "Coqueraut, Jean Dominique"]
[Result "1/2-1/2"]
[WhiteElo "1640"]
[BlackElo "1824"]
[PlyCount "100"]
[EventDate "2011.10.22"]

1. e4 d6 2. d4 Nf6 3. Nc3 g6 4. Nf3 Bg7 5. Be3 c6 6. Qd2 O-O 7. Bd3 Nbd7 8. h3
e5 9. dxe5 Nxe5 10. Nxe5 dxe5 11. h4 b5 12. Ne2 Re8 13. Ng3 Ng4 14. Bc5 Bh6 15.
Qe2 Bg7 16. f3 Nf6 17. h5 Be6 18. a3 a5 19. O-O-O Qb8 20. hxg6 fxg6 21. Be3 Re7
22. Rdf1 Rf7 23. f4 exf4 24. Bxf4 Qf8 25. Qd2 b4 26. a4 c5 27. Be2 Rd8 28. Qe3
c4 29. Qb6 Qe8 30. Bg5 Rb8 31. Qxa5 Ra8 32. Qb5 Rxa4 33. Bxc4 Ra1+ 34. Kd2 Qxb5
35. Bxb5 Nxe4+ 36. Nxe4 Raxf1 37. Rxf1 Ra7 38. Nd6 Bxb2 39. Bh6 Bc3+ 40. Kd3
Bg7 41. Bxg7 Kxg7 42. Bc4 Ra3+ 43. Kd4 Bg4 44. Ne8+ Kh6 45. Rh1+ Kg5 46. Rxh7
Bd1 47. Bd3 Rc3 48. Rg7 Bxc2 49. Rxg6+ Kf4 50. Bxc2 Rxc2 1/2-1/2

[Event "XXXIII Festival A"]
[Site "Arco ITA"]
[Date "2011.10.27"]
[Round "6"]
[White "Ziltener, Werner"]
[Black "Antoniacci, Riccardo"]
[Result "1/2-1/2"]
[WhiteElo "2081"]
[BlackElo "1913"]
[PlyCount "106"]
[EventDate "2011.10.22"]

1. d4 Nf6 2. Nf3 e6 3. g3 d5 4. Bg2 Nbd7 5. O-O c5 6. c4 Be7 7. Nc3 O-O 8. cxd5
exd5 9. dxc5 Nxc5 10. Bf4 a6 11. Rc1 b5 12. Nd4 Qd7 13. Qc2 Bb7 14. Nf5 Ne6 15.
Nxe7+ Qxe7 16. Be5 d4 17. Bxf6 gxf6 18. Nd5 Bxd5 19. Bxd5 Rad8 20. Be4 h6 21.
Qd2 Kg7 22. Rc6 Rfe8 23. Bb1 d3 24. e3 Ng5 25. f3 Qxe3+ 26. Qxe3 Rxe3 27. Rd1
Rxf3 28. Rc3 b4 29. Rcxd3 Rfxd3 30. Rxd3 Rxd3 31. Bxd3 Nf3+ 32. Kf2 Nxh2 33.
Bxa6 f5 34. a4 bxa3 35. bxa3 Kf6 36. a4 Ke5 37. a5 Ng4+ 38. Kf3 Kd6 39. Bb7 Kc7
40. a6 Nf6 41. Kg2 Kb8 42. Kh3 Ne4 43. Kg2 Nc5 44. Kf3 Nxb7 45. axb7 Kxb7 46.
Kf4 Kc7 47. Kxf5 Kd7 48. Kf6 Ke8 49. Kg7 Ke7 50. Kxh6 Kf8 51. Kh7 Ke7 52. Kg7
Ke6 53. g4 Ke5 1/2-1/2

[Event "XXXIII Festival A"]
[Site "Arco ITA"]
[Date "2011.10.27"]
[Round "6"]
[White "Zucchelli, Massimo"]
[Black "Qendro, Llambi"]
[Result "1/2-1/2"]
[WhiteElo "2149"]
[BlackElo "2342"]
[PlyCount "66"]
[EventDate "2011.10.22"]

1. d4 g6 2. c4 Bg7 3. Nc3 d6 4. e4 Nf6 5. Be2 O-O 6. Bg5 Na6 7. Qd2 e5 8. d5 c6
9. f3 cxd5 10. cxd5 Nc5 11. g4 Bd7 12. Nh3 Rc8 13. Nf2 a5 14. O-O Qe8 15. Rab1
h5 16. h3 hxg4 17. hxg4 Nh7 18. Be3 f5 19. Nd3 Nxd3 20. Qxd3 Qe7 21. Kg2 Bf6
22. Rh1 Bg5 23. exf5 gxf5 24. gxf5 Bxf5 25. Ne4 Bxe3 26. Qxe3 Bxe4 27. Qxe4
Qg7+ 28. Kf2 Ng5 29. Qg4 e4 30. Rh5 Nxf3 31. Qe6+ Qf7 32. Ke3 Qxe6 33. dxe6 Rc5
1/2-1/2

[Event "XXXIII Festival A"]
[Site "Arco ITA"]
[Date "2011.10.28"]
[Round "7"]
[White "Alagia, Pietro"]
[Black "Thonig, Manfred"]
[Result "0-1"]
[WhiteElo "1763"]
[BlackElo "1647"]
[PlyCount "40"]
[EventDate "2011.10.22"]

1. d4 d5 2. g3 g6 3. Bg2 Nf6 4. Nf3 Bg7 5. O-O O-O 6. Nbd2 Nc6 7. Re1 Re8 8. e3
e5 9. dxe5 Nxe5 10. Qe2 a6 11. Nxe5 Rxe5 12. Nf3 Re8 13. c4 c6 14. b3 Bg4 15.
Bb2 Qd7 16. Qf1 Qc7 17. Rac1 dxc4 18. Rxc4 Be6 19. Be5 Bxc4 20. Qxc4 Rxe5 0-1

[Event "XXXIII Festival A"]
[Site "Arco ITA"]
[Date "2011.10.28"]
[Round "7"]
[White "Antoniacci, Riccardo"]
[Black "Chiarion, Elisa"]
[Result "0-1"]
[WhiteElo "1913"]
[BlackElo "2012"]
[PlyCount "66"]
[EventDate "2011.10.22"]

1. e4 c5 2. Nf3 a6 3. c3 e6 4. d4 d5 5. e5 Bd7 6. Be3 cxd4 7. Nxd4 Nc6 8. f4
Nh6 9. Bd3 Rc8 10. Qh5 Nxd4 11. Bxd4 Bb5 12. Bxb5+ axb5 13. a3 Nf5 14. Bf2 Rc4
15. Qf3 Re4+ 16. Kf1 g5 17. g3 gxf4 18. Nd2 fxg3 19. hxg3 Rxe5 20. g4 Qg5 21.
Qd3 Ne3+ 22. Bxe3 Qxe3 23. Qxb5+ Ke7 24. Rh2 f5 25. Rf2 Qh3+ 26. Rg2 fxg4 27.
Kg1 Qe3+ 28. Kh1 Rh5+ 29. Rh2 Rxh2+ 30. Kxh2 Qxd2+ 31. Kh1 g3 32. Qxb7+ Kf6 33.
Rf1+ Ke5 0-1

[Event "XXXIII Festival A"]
[Site "Arco ITA"]
[Date "2011.10.28"]
[Round "7"]
[White "Astengo, Corrado"]
[Black "Seebacher, Reinhard"]
[Result "1-0"]
[WhiteElo "2095"]
[BlackElo "1700"]
[PlyCount "67"]
[EventDate "2011.10.22"]

1. e4 c6 2. d4 d5 3. exd5 cxd5 4. c4 Nf6 5. Nc3 e6 6. Nf3 Bb4 7. Bd3 dxc4 8.
Bxc4 O-O 9. O-O Bxc3 10. bxc3 Qc7 11. Qe2 b6 12. Ne5 Nd5 13. Ba3 Rd8 14. Rac1
Bb7 15. Bxd5 Rxd5 16. Rfd1 Nc6 17. Nf3 Rad8 18. Bb2 Qf4 19. Qe3 Qg4 20. h3 Qh5
21. c4 R5d7 22. Re1 Qg6 23. d5 Re7 24. dxc6 Bxc6 25. Nh4 Qh5 26. Qg3 f5 27. Bf6
Rd3 28. Qxd3 gxf6 29. Nf3 Rd7 30. Qe2 e5 31. Rcd1 Rg7 32. Rd8+ Be8 33. Nxe5 Re7
34. Qxh5 1-0

[Event "XXXIII Festival A"]
[Site "Arco ITA"]
[Date "2011.10.28"]
[Round "7"]
[White "Badano, Fabio"]
[Black "Eschweiler, Markus"]
[Result "1-0"]
[WhiteElo "1741"]
[BlackElo "1548"]
[PlyCount "45"]
[EventDate "2011.10.22"]

1. e4 d5 2. exd5 Qxd5 3. Nc3 Qa5 4. d4 Nf6 5. Bd2 Qb6 6. d5 c6 7. Bc4 Qc5 8.
Qe2 cxd5 9. Bb3 e6 10. O-O-O Be7 11. Nf3 O-O 12. h4 Bd7 13. g4 Nxg4 14. Ne5
Nxe5 15. Qxe5 Bf6 16. Qg3 Kh8 17. Be3 Qe7 18. Bg5 Na6 19. Rde1 Bc6 20. Bxd5 Qb4
21. Bxf6 gxf6 22. Qf3 exd5 23. Qxf6+ 1-0

[Event "XXXIII Festival A"]
[Site "Arco ITA"]
[Date "2011.10.28"]
[Round "7"]
[White "Battistella, Stefano"]
[Black "Zucchelli, Massimo"]
[Result "1/2-1/2"]
[WhiteElo "2081"]
[BlackElo "2149"]
[PlyCount "31"]
[EventDate "2011.10.22"]

1. Nf3 d5 2. c4 c6 3. g3 Nf6 4. Bg2 Bf5 5. O-O e6 6. d3 h6 7. Be3 Nbd7 8. Qb3
Qb8 9. cxd5 cxd5 10. Nc3 Bd6 11. Nb5 O-O 12. Nxd6 Qxd6 13. Rfc1 e5 14. d4 e4
15. Bf4 Qa6 16. Ne5 1/2-1/2

[Event "XXXIII Festival A"]
[Site "Arco ITA"]
[Date "2011.10.28"]
[Round "7"]
[White "Benenati, Gianfranco"]
[Black "Ciola, Alberto"]
[Result "1/2-1/2"]
[WhiteElo "1800"]
[BlackElo "1915"]
[PlyCount "86"]
[EventDate "2011.10.22"]

1. e4 c5 2. Nf3 Nc6 3. d4 cxd4 4. Nxd4 g6 5. Be3 Bg7 6. Nc3 d6 7. Qd2 Nf6 8. f3
Bd7 9. Be2 O-O 10. g4 Nxd4 11. Bxd4 Bc6 12. h4 d5 13. e5 Nd7 14. f4 f5 15. gxf5
Rxf5 16. Bg4 Rf8 17. Be6+ Kh8 18. h5 gxh5 19. Rxh5 Qe8 20. Rh4 Qg6 21. Bxd7
Bxd7 22. O-O-O e6 23. Rg1 Qf5 24. Rg5 Qf7 25. Qd3 h6 26. Rgh5 Kg8 27. Ne2 Be8
28. Rh1 Qxh5 29. Rxh5 Bxh5 30. Ng3 Bg4 31. Be3 Bf5 32. Qa3 Bg4 33. Qd3 Bf5 34.
Qe2 Kh7 35. c3 b6 36. Qb5 Bg4 37. Qd3+ Bf5 38. Qd2 Rf7 39. Qe2 Rg8 40. Nh5 Bh8
41. Qf2 Bg4 42. Qc2+ Bf5 43. Qf2 Bg4 1/2-1/2

[Event "XXXIII Festival A"]
[Site "Arco ITA"]
[Date "2011.10.28"]
[Round "7"]
[White "Billio, Atto"]
[Black "Bondielli, Giorgio"]
[Result "0-1"]
[WhiteElo "2071"]
[BlackElo "1885"]
[PlyCount "78"]
[EventDate "2011.10.22"]

1. c4 e5 2. g3 f5 3. Bg2 Nf6 4. Nc3 g6 5. d3 d6 6. e4 c6 7. Nge2 Bg7 8. O-O O-O
9. exf5 Bxf5 10. d4 Nbd7 11. h3 Qc7 12. g4 Be6 13. d5 Bf7 14. Ng3 Nb6 15. g5
Nfd7 16. b3 a6 17. Be3 cxd5 18. Nxd5 Nxd5 19. Bxd5 Rad8 20. Rc1 Nc5 21. Ne4 b6
22. Nf6+ Bxf6 23. gxf6 Bxd5 24. Qxd5+ Qf7 25. f4 Qxd5 26. cxd5 exf4 27. Bxf4
Rxf6 28. Bh6 Rxf1+ 29. Kxf1 a5 30. Rc3 Re8 31. a3 Re5 32. b4 axb4 33. axb4 Na6
34. Rc8+ Kf7 35. b5 Nb4 36. Rc7+ Re7 37. Rc8 Nxd5 38. Rc6 Ke6 39. Bf8 Rf7+ 0-1

[Event "XXXIII Festival A"]
[Site "Arco ITA"]
[Date "2011.10.28"]
[Round "7"]
[White "Blasco, Domenico"]
[Black "Roversi, Stefano"]
[Result "1-0"]
[WhiteElo "1965"]
[BlackElo "1822"]
[PlyCount "75"]
[EventDate "2011.10.22"]

1. d4 Nf6 2. Nf3 e6 3. e3 c5 4. Bd3 Nc6 5. O-O d5 6. b3 cxd4 7. exd4 Bd6 8. Bb2
O-O 9. Nbd2 Nb4 10. Be2 Qc7 11. a3 Nc6 12. Bd3 e5 13. dxe5 Nxe5 14. Nxe5 Bxe5
15. Bxe5 Qxe5 16. Re1 Qf4 17. Nf1 Ne4 18. Bxe4 dxe4 19. Qd5 Re8 20. Ng3 Qe5 21.
Qxe5 Rxe5 22. Rxe4 Rxe4 23. Nxe4 Bf5 24. f3 Bxe4 25. fxe4 Re8 26. Rd1 g6 27.
Rd7 Rxe4 28. Rxb7 a5 29. Ra7 Re5 30. Kf2 Kg7 31. c4 Kf6 32. g3 h5 33. Rb7 Re6
34. Rb5 Ra6 35. Ke3 Ke6 36. Kd4 Kd6 37. Rb7 f5 38. Rg7 1-0

[Event "XXXIII Festival A"]
[Site "Arco ITA"]
[Date "2011.10.28"]
[Round "7"]
[White "Bottesi, Gianluca"]
[Black "Caldara, Sisto"]
[Result "0-1"]
[WhiteElo "1674"]
[BlackElo "1800"]
[PlyCount "58"]
[EventDate "2011.10.22"]

1. c4 f5 2. g3 Nf6 3. Bg2 g6 4. Nf3 Bg7 5. O-O O-O 6. Nc3 d6 7. Qb3 Kh8 8. Ng5
Na6 9. c5 Nxc5 10. Nf7+ Rxf7 11. Qxf7 Be6 12. Qxe6 Nxe6 13. Bxb7 Rb8 14. Bg2
Nc5 15. d3 e5 16. Bd2 Rxb2 17. Rfd1 e4 18. Bc1 Rb8 19. d4 Ne6 20. e3 h5 21. Ba3
h4 22. Bf1 d5 23. Be2 c5 24. dxc5 Qa5 25. Nb5 Rxb5 26. Bxb5 Qxb5 27. Rab1 Qe2
28. gxh4 Ng4 29. Rf1 Be5 0-1

[Event "XXXIII Festival A"]
[Site "Arco ITA"]
[Date "2011.10.28"]
[Round "7"]
[White "Casagrande, Fabio"]
[Black "Giaracuni, Claudio"]
[Result "1-0"]
[WhiteElo "1991"]
[BlackElo "1830"]
[PlyCount "65"]
[EventDate "2011.10.22"]

1. e4 c5 2. Nc3 Nc6 3. f4 d6 4. Bb5 a6 5. Bxc6+ bxc6 6. Nf3 Bg4 7. O-O d5 8. d3
e6 9. Qe1 Bxf3 10. Rxf3 Nf6 11. f5 d4 12. e5 dxc3 13. exf6 Qd4+ 14. Be3 Qxf6
15. fxe6 Qxe6 16. Qxc3 Qd5 17. Re1 O-O-O 18. Ref1 f6 19. Rf5 Qxa2 20. Bxc5 Kb7
21. Qb4+ Ka8 22. Qb6 Bxc5+ 23. Rxc5 Rd6 24. Ra5 c5 25. Qxc5 Qe6 26. Rfa1 Rc8
27. Qf2 Rcc6 28. b4 Qc8 29. Qf3 Kb8 30. c4 Qb7 31. b5 axb5 32. c5 Rd7 33. Ra8+
1-0

[Event "XXXIII Festival A"]
[Site "Arco ITA"]
[Date "2011.10.28"]
[Round "7"]
[White "Dalponte, Dino"]
[Black "Molina, Fabrizio"]
[Result "0-1"]
[WhiteElo "2078"]
[BlackElo "2258"]
[PlyCount "82"]
[EventDate "2011.10.22"]

1. d4 d6 2. Nf3 Nf6 3. c3 Nbd7 4. Bg5 e5 5. Nbd2 Be7 6. e4 O-O 7. Bd3 Ng4 8.
Bxe7 Qxe7 9. O-O Re8 10. Qb3 Nf8 11. Rae1 Ng6 12. g3 Nf6 13. Kg2 h6 14. Ng1 Nh5
15. Kh1 Rb8 16. Qd1 Nf6 17. f3 b5 18. d5 Bd7 19. b3 c5 20. Rf2 a5 21. Bf1 Rec8
22. Bh3 Bxh3 23. Nxh3 Nd7 24. c4 b4 25. Nf1 Qf8 26. Ne3 Ne7 27. Qb1 Rc7 28. Kg2
a4 29. Ree2 Ra7 30. Qd3 Rba8 31. Rf1 Qc8 32. Rb2 Ra6 33. Nf2 R8a7 34. Rfb1 Qa8
35. Nc2 a3 36. Nxb4 axb2 37. Nxa6 Rxa6 38. Rxb2 Rxa2 39. Rxa2 Qxa2 40. f4 Ng6
41. Kf3 exf4 0-1

[Event "XXXIII Festival A"]
[Site "Arco ITA"]
[Date "2011.10.28"]
[Round "7"]
[White "De Eccher, Stefano"]
[Black "Basso, Pier Luigi"]
[Result "1/2-1/2"]
[WhiteElo "2259"]
[BlackElo "2051"]
[PlyCount "37"]
[EventDate "2011.10.22"]

1. e4 c5 2. c4 Nc6 3. Nc3 g6 4. g3 Bg7 5. Bg2 e6 6. Nge2 Nge7 7. d3 O-O 8. Be3
Nd4 9. Rb1 d6 10. a3 Nec6 11. b4 a6 12. O-O Rb8 13. Qd2 Bd7 14. Rfc1 b6 15. Bh6
Nxe2+ 16. Nxe2 Bxh6 17. Qxh6 Qf6 18. Qe3 e5 19. f4 1/2-1/2